79 Babynamen der Woche 26/25' - Statistiken

Allgemein
  • Dieses Quiz wurde 6 mal gespielt
  • Das Durchschnittsergebnis liegt bei 23 aus 79
Antwortstatistiken
📍 Vorname % Korrekt
B.n ♂️ Ben
83%
C.a.l.t.e ♀️ Charlotte
83%
H..s ♂️ Hans
83%
K..l ♂️ Karl
83%
A.t.n ♂️ Anton
67%
C.r.s ♂️ Chris
67%
C.r..t.a.s.n ♂️ Christianson
67%
H.r.m.t ♂️ Hartmut
67%
H.i.r..h ♂️ Heinrich
67%
J.s.f..e ♀️ Josefine
67%
M..c.s ♂️ Marcus
67%
M.r.e ♀️ Marie
67%
M.t..o ♂️ Matheo
67%
B.l.a.y ♀️ Bellamy
50%
D.m.a.o ♂️ Damiano
50%
Ev..g.l.n ♀️ Evengelyn
50%
L..o ♀️ Lilo
50%
L..a ♀️ Lona
50%
M.c..l..a ♀️ Michalina
50%
M.l.i ♀️ Milli
50%
O.k.r ♂️ Oskar
50%
O..m.r ♂️ Ottmar
50%
P..l..e ♀️ Pauline
50%
R.f..l ♂️ Rafail
50%
S.m ♂️ Sam
50%
S.b..t..n ♂️ Sebastian
50%
S.r.p.i.a ♀️ Seraphina
50%
Z.e ♀️ Zoe
50%
F.e.a ♀️ Freya
33%
J.d ♂️ Jad
33%
J.a.n ♀️ Joann
33%
J..n ♂️ John
33%
L.a.o ♂️ Leano
33%
M.i.o ♂️ Meilo
33%
M.g..l ♂️ Miguel
33%
M.r..m ♀️ Myriam
33%
V..n.a ♀️ Vienna
33%
Z.i ♀️ Zui
33%
Ad..i.o ♂️ Adelino
17%
A..a.l..r ♀️ Annafleur
17%
A.r.l.o ♂️ Aurelio
17%
I.m..l ♂️ Ismail
17%
J.m..o ♂️ Jamiro
17%
M.r.u ♀️ Marou
17%
M.t.e ♂️ Matze
17%
N.b..a ♀️ Nabila
17%
Oc..n ♀️ Ocean
17%
R..e ♀️ Rose
17%
R..a ♀️ Runa
17%
S.r..a ♀️ Sarina
17%
S.s..a ♂️ Sascha
17%
T.l.a ♀️ Talia
17%
T.o ♂️ Tio
17%
T.d.r ♂️ Tudor
17%
W.a.t ♂️ Wyatt
17%
X.d.n ♂️ Xaden
17%
A..l.y ♂️ Ashley
0%
At.a..a ♂️ Atharva
0%
Ay.a.h ♂️ Ayyash
0%
A.r..l ♂️ Azriel
0%
B.o..s ♀️ Brooks
0%
C.i.f.m..n.a ♀️ Chimfumnanya
0%
C..a ♀️ Cija
0%
C..o ♂️ Ciro
0%
El.n.a ♀️ Elania
0%
E.n.o ♂️ Ennio
0%
H..e ♀️ Hope
0%
K..s.i ♀️ Keisli
0%
L.v.n.h ♀️ Levanah
0%
L..e ♂️ Lore
0%
L..r ♂️ Luar
0%
L..i ♀️ Lumi
0%
M.d.m..i ♀️ Madamani
0%
R..n ♀️ Rain
0%
S.r..e ♀️ Serine
0%
S.m..a ♀️ Simela
0%
T.a.e ♀️ Taave
0%
V..a ♀️ Vada
0%
W.t..n ♂️ Watten
0%
Keine übereinstimmenden Quizze gefunden
Verteilung der Resultate
Anzahl Personen mit jedem Resultat
Perzentil nach korrekt beantworteten Fragen
Ihre Resultats-Entwicklung
Sie haben dieses Quiz noch nicht gespielt